| 000 | 01950nam a22003974i 4500 | ||
|---|---|---|---|
| 001 | a5554968 | ||
| 003 | CO-MdFUSB | ||
| 005 | 20211016113040.0 | ||
| 008 | 141016t2014 sp ad g |||| 001 0 spa | ||
| 017 |
_aM 17151-2014 _bOficina Depósito Legal Madrid |
||
| 020 | _a9788420689791 | ||
| 040 |
_aSpMaBN _bspa _cCO-MdFUSB _erdc _dCO-MdFUSB |
||
| 041 | 1 |
_aspa _heng |
|
| 080 | 0 | _a316 | |
| 082 |
_224 _aR 301 _bG4532so |
||
| 100 | 1 |
_aGiddens, Anthony _d1938- _eautor |
|
| 240 | 1 | 0 | _aSociology |
| 245 | 0 | 0 |
_aSociología _c/ Anthony Giddens y Philip W. Sutton ; traducción de Francisco Muñoz de Bustillo _b: |
| 250 | _a7ª ed. | ||
| 264 | 1 |
_aMadrid : _bAlianza Editorial ; _c[2014] |
|
| 264 | 4 | _c© 2014 | |
| 300 |
_a1316 páginas, [8] páginas de color _bilustraciones, gráficas _c25 cm |
||
| 336 |
_2rdacontent _atexto _btxt |
||
| 337 |
_2rdamedia _asin mediación _bn |
||
| 338 |
_2rdacarrier _avolumen _bnc |
||
| 501 | _aÍndice (p. 1253- 1316) | ||
| 505 | _a¿Qué es la sociología? -- Preguntas y respuestas a las cuestiones sociológicas -- Teorías y perspectivas sociológicas -- La globalización y el cambio social -- El medio ambiente -- Las ciudades y la vida urbana -- Trabajo y economía -- Interacción social y vida cotidiana -- El curso de la vida -- Familias y relaciones íntimas -- Salud, enfermedad y discapacidad -- Estratificación y clsae social -- Pobreza, exclusión social y bienestar -- Disigualidad global -- Género y sexualidad -- Raza, etnicidad y emigración -- Religión -- Los medios de comunicación -- Organizaciones y redes -- Educación -- Delito y desviación -- Política, gobierno, y movimientos sociales -- Naciones, guerra y terrorismo | ||
| 650 | 7 | _aSociología | |
| 700 | 1 |
_aSutton, Philip W. _d1959- _eautor |
|
| 700 | 1 |
_aMuñoz de Bustillo, Francisco _etraductor |
|
| 942 | _cREF | ||
| 945 | _aEstudiante | ||
| 956 | _a2 | ||
| 999 |
_c64193 _d64193 |
||